La política del destierro y el exilio en América Latina /

Política y exilio en América latina abre nuevos rumbos teóricos y líneas analíticas para la agenda retrospectiva y prospectiva de investigación del exilio, así como también para ampliar los estudios de la emigración como práctica de exclusión informal de ciudadanos que se sienten amenazados de vivir...

Full description

Bibliographic Details
Main Author: Sznajder, Mario
Other Authors: Roniger, Luis 1949-
Format: Libro
Language:Spanish
Published: México Fondo de Cultura Económica 2013
Series:Sección de obras de política y derecho
Subjects:
Online Access:

MARC

LEADER 00000cam a2200000 a 4500
001 008394
003 UAHC_CL
005 20170803120443.0
008 140610s2013 mx 000 spa
020 |a 9786071614766 
040 |a UAHC_CL  |c UAHC_CL  |d UAHC_CL 
082 0 4 |a 325.21  |b S998  |2 22 
100 1 |a Sznajder, Mario 
245 1 3 |a La política del destierro y el exilio en América Latina /  |c Mario Sznajder, Luis Roniger. 
260 |b Fondo de Cultura Económica  |a México  |c 2013 
300 |a 444 p. 
490 0 |a Sección de obras de política y derecho 
520 |a Política y exilio en América latina abre nuevos rumbos teóricos y líneas analíticas para la agenda retrospectiva y prospectiva de investigación del exilio, así como también para ampliar los estudios de la emigración como práctica de exclusión informal de ciudadanos que se sienten amenazados de vivir en aquellos países democráticos que sufren disrupciones graves por factores socioeconómicos, étnicos, de seguridad y demográficos. 
650 4 |a EXILIO 
650 4 |a POLITICA  |z AMERICA LATINA 
700 1 |a Roniger, Luis  |d 1949- 
900 |a 325.21 SZN 
942 |c BK 
952 |0 0  |1 0  |4 0  |6 325_210000000000000_SZN  |7 0  |8 General  |9 17939  |a BC  |b BC  |c General  |d 2017-08-03  |l 0  |o 325.21 SZN  |p 1420243  |r 2026-01-07 00:00:00  |t 1  |w 2017-08-03  |y BK 
999 |c 8394  |d 8394